Primi 15 paesi interessati da Covid-19 - 3 novembre 2021 - Statistics

Statistiche generali
  • Questo quiz è stato fatto 2 volte
  • Il punteggio medio è 11 su 27
Statistiche sulle risposte
paese % Corretto
Brasile
100%
Francia
100%
Germania
100%
India
100%
Italia
100%
Regno Unito
100%
Russia
100%
Spagna
100%
Stati Uniti
100%
Argentina
50%
Belgio
50%
Indonesia
50%
Messico
50%
Bahrain
0%
Cechia
0%
Colombia
0%
Croazia
0%
Estonia
0%
Georgia
0%
Iran
0%
Israele
0%
Lettonia
0%
Lituania
0%
Paesi Bassi
0%
Serbia
0%
Slovenia
0%
Turchia
0%
Nessun quiz corrispondente trovato
Distribuzione punteggi
Percentuale di utenti per punteggio
Percentile per numero di risposta
I tuoi punteggi nel tempo
Non hai fatto questo quiz